| 000 | 00354cam a2200145ua 4500 | ||
|---|---|---|---|
| 041 |
_aeng _h |
||
| 082 |
_a388.06 _bKVI/AN |
||
| 100 | _aKVIC, . | ||
| 245 | 0 | 0 |
_aAnnual report 1963-64 / _cKVIC. _hTextual Documents |
| 260 |
_aBombay : _bDirectorate of publicity KVIC , _c1965. |
||
| 300 | _a115 ; . | ||
| 504 | _a | ||
| 942 | _cBK | ||
| 999 |
_c5757 _d5757 |
||